| 000 | 01257nam0a22003011 4500 | ||
|---|---|---|---|
| 001 | rc\3194121 | ||
| 005 | 20260408003134.0 | ||
| 021 |
_aRU _b77-ОКЭ-14/21 |
||
| 021 |
_aRU _bРг3779-77 |
||
| 035 | _a(NLR Aleph) 007341566 | ||
| 090 |
_a6114676 _c6114676 |
||
| 100 | _a20120628d1976 |||y0rusy50 ca | ||
| 101 | 0 | _arus | |
| 102 | _aRU | ||
| 105 | _aa z ||||| | ||
| 200 | 1 |
_aФизическое и математическое моделирование пространственной работы сборных многоэтажных зданий _e[Докл.] _fСимпозиум по многоэтажным зданиям |
|
| 210 |
_a[Москва _cБ. и. _d1976] |
||
| 215 |
_a9 л. _cил. _d29 |
||
| 300 | _aНа 3-м л. авт.: к. т. н. Макаров, Г. Д., инж. Подольский Д. М. | ||
| 320 | _aБиблиогр.: л. 8 | ||
| 700 | 1 |
_aМакаров _bГ.Д. |
|
| 701 | 1 |
_aПодольский _bД.М. _gДмитрий Маркович |
|
| 712 | 1 | 2 |
_a"Многоэтажные здания", международный симпозиум _d3 _f1976 _eМосква _3RU\NLR\AUTH\8810167639 _9831091 |
| 801 | 0 |
_aRU _bNLR _gpsbo |
|
| 801 | 1 |
_aRU _bELAR _2rusmarc |
|
| 852 |
_aNLR _j77-8/432 |
||
| 942 | _cBOOK | ||
| 980 | _aNB | ||